Statistics for Brooklyn Nine Nine Characters By Picture

Click here to take the quiz!

General Stats

  • This quiz has been taken 93 times
  • The average score is 14 of 16

Answer Stats

Answer% Correct
Jake Peralta
100%
Amy Santiago
98%
Raymond Holt
98%
Rosa Diaz
96%
Charles Boyle
95%
Gina Linetti
95%
Terry Jeffords
94%
Michael Hitchcock
89%
Norm Scully
89%
Kevin Cozner
86%
Doug Judy
85%
Teddy Ramos
84%
Adrian Pimento
81%
Keith Pembrooke
74%
Madeline Wuntch
61%
Bill Hummertrout
59%

Score Distribution

Percentile by Number Answered

Percent of People with Each Score

Your Score History

You have not taken this quiz